| 000 | 00385nam a2200169Ia 4500 | ||
|---|---|---|---|
| 003 | 0STCL | ||
| 008 | 150530s9999 xx 000 0 und d | ||
| 040 |
_aSTCL _cSTCL |
||
| 100 | _aClark, J.; Holton, D.A. | ||
| 245 | _aFirst look at grap theory | ||
| 250 | _aFirst | ||
| 260 |
_bAllied _c1995 |
||
| 546 | _aEnglish | ||
| 942 |
_2ddc _cBK |
||
| 999 |
_c21540 _d21540 |
||
| 005 | 20220125165922.0 | ||